000 00646nam a22002057a 4500
003 0
005 20251009101811.0
008 251009b xxu||||| |||| 00| 0 eng d
020 _a979-8-89365-072-3
050 _aLB 1051
_b.R53 2025
100 _aRichards, Shane,
_eauthor.
245 _aEssentials of educational psychology /
_cShane Richards.
260 _aNew York City, NY :
_bMurphy & Moore Publishing,
_c2025.
300 _avi, 237 pages :
_billustrations ;
_c26 cm.
504 _aIncludes bibliographical references and index.
650 _aEducational psychology.
650 _aPsychology.
650 _aEducation.
942 _2lcc
_cBK
999 _c368197
_d368197